[Event "Bamberg op-A 5th"]
[Site "Bamberg"]
[Date "2023.07.29"]
[Round "5"]
[White "Johansson, Jukka"]
[Black "Muschik, Benedikt"]
[Result "1/2-1/2"]
[WhiteElo "2076"]
[BlackElo "2284"]
[PlyCount "44"]
[EventDate "2023.07.26"]
[EventType "swiss"]
[EventRounds "7"]
[EventCountry "GER"]
[SourceTitle "CBM 215 Extra"]
[Source "ChessBase"]
[SourceDate "2023.09.30"]
[SourceVersion "1"]
[SourceVersionDate "2023.09.30"]
[SourceQuality "1"]

1. d4 g6 2. c4 Bg7 3. e4 d6 4. Nc3 e5 5. Be3 exd4 6. Bxd4 Nf6 7. Nf3 0-0 8. Be2 Nc6 9. Be3 Re8 10. Nd2 Ne5 11. h3 c6 12. 0-0 a6 13. a4 a5 14. Qc2 b6 15. Rad1 Qc7 16. Rfe1 Bb7 17. f4 Ned7 18. Nb3 Rad8 19. Bf3 Ba6 20. Be2 Bb7 21. Bf3 Ba6 22. Be2 Bb7 1/2-1/2

[Event "Bamberg op-A 5th"]
[Site "Bamberg"]
[Date "2023.07.27"]
[Round "3"]
[White "Johansson, Jukka"]
[Black "Monninger, Moritz Franz"]
[Result "0-1"]
[WhiteElo "2076"]
[BlackElo "2170"]
[PlyCount "56"]
[EventDate "2023.07.26"]
[EventType "swiss"]
[EventRounds "7"]
[EventCountry "GER"]
[SourceTitle "CBM 215 Extra"]
[Source "ChessBase"]
[SourceDate "2023.09.30"]
[SourceVersion "1"]
[SourceVersionDate "2023.09.30"]
[SourceQuality "1"]

1. d4 d5 2. c4 e6 3. Nf3 Nf6 4. Nc3 Be7 5. Bf4 0-0 6. e3 b6 7. cxd5 Nxd5 8. Nxd5 exd5 9. a3 c5 10. dxc5 bxc5 11. Bd3 Nc6 12. 0-0 Be6 13. Rc1 g6 14. Qa4 Bd7 15. Qc2 c4 16. Be2 Bf5 17. Qd2 Bf6 18. Nd4 Nxd4 19. exd4 Re8 20. Bf3 Be4 21. Bxe4 Rxe4 22. Be3 Qb6 23. Rfd1 Rae8 24. g3 h5 25. h4 Qe6 26. Kg2 Bxh4 27. gxh4 Qg4+ 28. Kf1 Qf3 0-1

[Event "Reykjavik op"]
[Site "Reykjavik"]
[Date "2023.04.02"]
[Round "7"]
[White "Johansson, Jukka"]
[Black "Saliba, Karl"]
[Result "1-0"]
[WhiteElo "2106"]
[BlackElo "1570"]
[PlyCount "177"]
[EventDate "2023.03.29"]
[EventType "swiss"]
[EventRounds "9"]
[EventCountry "ISL"]
[SourceTitle "EXT 2024"]
[Source "ChessBase"]
[SourceDate "2023.10.10"]
[SourceVersion "1"]
[SourceVersionDate "2023.10.10"]
[SourceQuality "1"]

1. d4 d5 2. c4 e6 3. Nf3 c5 4. cxd5 exd5 5. g3 Nc6 6. Bg2 cxd4 7. Nxd4 Bc5 8. Nxc6 bxc6 9. 0-0 Bb6 10. Nc3 Nf6 11. b4 0-0 12. Na4 Re8 13. Bb2 Ba6 14. Re1 Ng4 15. Nxb6 Qxb6 16. Bd4 Qxb4 17. e4 Nf6 18. Bxf6 gxf6 19. Qg4+ Kh8 20. Qf5 Qe7 21. Red1 Qe6 22. Qh5 dxe4 23. Bh3 Be2 24. Qh4 f5 25. Re1 Bf3 26. Rac1 Rad8 27. Qf4 Qe5 28. Qe3 f4 29. Qc3 Qxc3 30. Rxc3 fxg3 31. hxg3 Rd1 32. Rxd1 Bxd1 33. Kf1 Bf3 34. Bg2 Bxg2+ 35. Kxg2 Kg7 36. g4 Re7 37. Kg3 c5 38. Kf4 Re6 39. Rxc5 Ra6 40. Rc2 Ra4 41. Kf5 h6 42. Rb2 Rc4 43. Rd2 Ra4 44. Rc2 Rb4 45. a3 Ra4 46. Ra2 a5 47. Ra1 Rc4 48. Re1 Rc5+ 49. Kxe4 h5 50. gxh5 Rxh5 51. Rd1 a4 52. Rd4 Rh3 53. Rd3 Rh5 54. Rd5 Rh3 55. f3 Rh4+ 56. Ke3 Kf6 57. Rb5 Rh8 58. Ra5 Rh4 59. Rb5 Rh8 60. Rb4 Ra8 61. Kf4 Ra6 62. Rb5 Ke6 63. Ke4 Kd6 64. Kd4 Kc6 65. Kc4 f6 66. Kb4 Ra8 67. Rf5 Rb8+ 68. Kxa4 Ra8+ 69. Kb4 Rb8+ 70. Kc4 Ra8 71. Rxf6+ Kd7 72. Kb3 Ke7 73. Rf4 Ke6 74. Rb4 Rf8 75. f4 Rf5 76. a4 Kd6 77. Rc4 Rf8 78. a5 Ra8 79. Ra4 Kd5 80. a6 Ra7 81. Kc3 Ke6 82. Ra5 Kd6 83. Kd4 Kc7 84. f5 Kb8 85. Ke5 Ka8 86. f6 Rh7 87. Ke6 Rh1 88. f7 Rh6+ 89. Ke7 1-0

[Event "Reykjavik op"]
[Site "Reykjavik"]
[Date "2023.03.30"]
[Round "2"]
[White "Thorfinnsson, Bjorn"]
[Black "Johansson, Jukka"]
[Result "1-0"]
[WhiteElo "2369"]
[BlackElo "2106"]
[PlyCount "43"]
[EventDate "2023.03.29"]
[EventType "swiss"]
[EventRounds "9"]
[EventCountry "ISL"]
[SourceTitle "CBM 213 Extra"]
[Source "ChessBase"]
[SourceDate "2023.05.31"]
[SourceVersion "1"]
[SourceVersionDate "2023.05.31"]
[SourceQuality "1"]

1. d4 Nf6 2. c4 g6 3. Nc3 Bg7 4. Nf3 d5 5. h3 0-0 6. cxd5 Nxd5 7. e4 Nxc3 8. bxc3 c5 9. Be3 Qa5 10. Qd2 Nc6 11. Rd1 Rd8 12. Bc4 b5 13. Be2 Bb7 14. 0-0 a6 15. d5 Bxc3 16. Qc1 Nd4 17. Bxd4 cxd4 18. Qh6 d3 19. Ng5 Bg7 20. Qxh7+ Kf8 21. Rxd3 Rd6 22. e5 1-0

[Event "Bayern-chI Bank Hofmann 25th"]
[Site "Tegernsee"]
[Date "2022.11.10"]
[Round "6"]
[White "Johansson, Jukka"]
[Black "Miller, Eduard"]
[Result "0-1"]
[WhiteElo "2102"]
[BlackElo "2345"]
[PlyCount "56"]
[EventDate "2022.11.05"]
[EventType "swiss"]
[EventRounds "9"]
[EventCountry "GER"]
[SourceTitle "CBM 211 Extra"]
[Source "ChessBase"]
[SourceDate "2023.01.31"]
[SourceVersion "1"]
[SourceVersionDate "2023.01.31"]
[SourceQuality "1"]

1. d4 Nf6 2. c4 g6 3. Nc3 Bg7 4. e4 d6 5. h3 0-0 6. Be3 e5 7. d5 a5 8. g4 Na6 9. Qd2 Nc5 10. f3 Nfd7 11. h4 f5 12. gxf5 gxf5 13. exf5 Nb6 14. 0-0-0 Bxf5 15. Nh3 Qxh4 16. Nf2 Qe7 17. Nfe4 Nba4 18. Nxa4 Nxa4 19. Bh3 Nc5 20. Bxf5 Rxf5 21. Ng5 h6 22. Ne4 Rxf3 23. Nxc5 Rxe3 24. Qxe3 dxc5 25. Rdg1 Kh7 26. Qe4+ Kh8 27. Qg6 Ra6 28. Rxh6+ Bxh6+ 0-1

[Event "Bayern-chI Bank Hofmann 25th"]
[Site "Tegernsee"]
[Date "2022.11.05"]
[Round "1"]
[White "Halkias, Stelios"]
[Black "Johansson, Jukka"]
[Result "1-0"]
[WhiteElo "2506"]
[BlackElo "2102"]
[PlyCount "59"]
[EventDate "2022.11.05"]
[EventType "swiss"]
[EventRounds "9"]
[EventCountry "GER"]
[SourceTitle "CBM 211 Extra"]
[Source "ChessBase"]
[SourceDate "2023.01.31"]
[SourceVersion "1"]
[SourceVersionDate "2023.01.31"]
[SourceQuality "1"]

1. Nf3 d5 2. d4 Nf6 3. c4 e6 4. g3 Be7 5. Bg2 0-0 6. 0-0 c6 7. Qc2 b6 8. Rd1 Bb7 9. Nc3 Nbd7 10. b3 Rc8 11. e4 dxe4 12. Ne5 Qc7 13. Bf4 Bd6 14. Nxd7 Nxd7 15. Bxd6 Qxd6 16. Nxe4 Qe7 17. c5 Ba6 18. b4 Nf6 19. Nd6 Rc7 20. Qa4 Be2 21. Re1 Bh5 22. Bxc6 Rd8 23. Rac1 h6 24. Bg2 Rxd6 25. cxd6 Qxd6 26. Rxc7 Qxc7 27. Qc6 Qe7 28. a3 Kh7 29. d5 Qd8 30. dxe6 1-0

[Event "FIN-chT 2022"]
[Site "Finland"]
[Date "2022.05.22"]
[Round "8.5"]
[White "Johansson, Jukka"]
[Black "Morant, Paul"]
[Result "1-0"]
[WhiteElo "2084"]
[BlackElo "2019"]
[PlyCount "55"]
[EventDate "2020.09.12"]
[EventType "team-tourn"]
[EventRounds "11"]
[EventCountry "FIN"]
[SourceTitle "EXT 2023"]
[Source "ChessBase"]
[SourceDate "2022.10.05"]
[SourceVersion "1"]
[SourceVersionDate "2022.10.05"]
[SourceQuality "1"]
[WhiteTeam "Gambiitti"]
[BlackTeam "Turku TuTS"]
[WhiteTeamCountry "FIN"]
[BlackTeamCountry "FIN"]

1. d4 f5 2. Nf3 Nf6 3. g3 e6 4. Bg2 Be7 5. 0-0 0-0 6. c4 d5 7. Qc2 c6 8. Nbd2 Bd6 9. Ne5 Nbd7 10. Nd3 h6 11. Nf3 g5 12. Nfe5 Qe8 13. Bd2 Qh5 14. f3 Kg7 15. Rae1 Bc7 16. b4 Nxe5 17. Nxe5 Bxe5 18. dxe5 Ng8 19. e4 fxe4 20. fxe4 Rxf1+ 21. Rxf1 dxe4 22. Bxe4 Bd7 23. Qd3 Be8 24. Qd6 Bf7 25. Qd7 Rf8 26. Bf3 Qg6 27. Be3 Qc2 28. Bh5 1-0

[Event "Berlin Spandau op"]
[Site "Berlin"]
[Date "2019.12.27"]
[Round "1"]
[White "Johansson, Jukka"]
[Black "Paul, Fabian"]
[Result "1-0"]
[WhiteElo "2081"]
[BlackElo "1656"]
[PlyCount "55"]
[EventDate "2019.12.27"]
[EventType "swiss"]
[EventRounds "7"]
[EventCountry "GER"]
[SourceTitle "CBM 194 Extra"]
[Source "ChessBase"]
[SourceDate "2020.03.31"]
[SourceVersion "1"]
[SourceVersionDate "2020.03.31"]
[SourceQuality "1"]

1. d4 Nf6 2. c4 g6 3. Nc3 d5 4. e3 Bg7 5. Nf3 c5 6. Qb3 Nbd7 7. cxd5 0-0 8. Bc4 cxd4 9. Nxd4 Nb6 10. 0-0 Qc7 11. Be2 Rd8 12. Ndb5 Qe5 13. f4 Qb8 14. e4 a6 15. Na3 Nbd7 16. Be3 b5 17. Nc2 Nb6 18. Nd4 Qc7 19. Rfc1 Qb7 20. Nc6 Re8 21. h3 e6 22. Na5 Qb8 23. d6 Nfd7 24. e5 Bb7 25. Nxb7 Qxb7 26. a4 Nd5 27. Nxd5 exd5 28. Rc2 1-0

[Event "Lahti LahS Weekend-A"]
[Site "Lahti"]
[Date "2019.08.18"]
[Round "4"]
[White "Johansson, Jukka"]
[Black "Ertbjerg, Per"]
[Result "1/2-1/2"]
[WhiteElo "2090"]
[BlackElo "2076"]
[PlyCount "31"]
[EventDate "2019.08.17"]
[EventType "swiss"]
[EventRounds "4"]
[EventCountry "FIN"]
[SourceTitle "CBM 192 Extra"]
[Source "Chessbase"]
[SourceDate "2019.11.06"]
[SourceVersion "1"]
[SourceVersionDate "2019.11.06"]
[SourceQuality "1"]

1. d4 Nf6 2. c4 e6 3. Nc3 d5 4. cxd5 exd5 5. Bg5 Be7 6. e3 0-0 7. Bd3 Re8 8. Qc2 h6 9. Bh4 c5 10. dxc5 d4 11. Bxf6 Bxf6 12. 0-0-0 Nc6 13. Qa4 Bd7 14. Nd5 dxe3 15. fxe3 Bg5 16. Nf3 1/2-1/2

[Event "Leiden op-A 13th"]
[Site "Leiden"]
[Date "2019.07.18"]
[Round "6"]
[White "Johansson, Jukka"]
[Black "Gieben, Stijn"]
[Result "1/2-1/2"]
[WhiteElo "2075"]
[BlackElo "2149"]
[PlyCount "26"]
[EventDate "2019.07.12"]
[EventType "swiss"]
[EventRounds "9"]
[EventCountry "NED"]
[SourceTitle "EXT 2020"]
[Source "ChessBase"]
[SourceDate "2019.10.17"]
[SourceVersion "1"]
[SourceVersionDate "2019.10.17"]
[SourceQuality "1"]

1. d4 Nf6 2. c4 e6 3. g3 d5 4. Bg2 Nbd7 5. Nf3 Be7 6. 0-0 0-0 7. Qc2 a6 8. Nbd2 Re8 9. b3 b6 10. Bb2 Bb7 11. Rfd1 c5 12. Rac1 Rc8 13. e3 Qc7 1/2-1/2

[Event "Hameenlinna HamSK op"]
[Site "Hameenlinna"]
[Date "2019.06.29"]
[Round "2"]
[White "Johansson, Jukka"]
[Black "Komulainen, Lauri"]
[Result "1/2-1/2"]
[WhiteElo "2090"]
[BlackElo "2028"]
[PlyCount "119"]
[EventDate "2019.06.29"]
[EventType "swiss"]
[EventRounds "5"]
[EventCountry "FIN"]
[SourceTitle "EXT 2021"]
[Source "ChessBase"]
[SourceDate "2020.10.23"]
[SourceVersion "1"]
[SourceVersionDate "2020.10.23"]
[SourceQuality "1"]

1. d4 d5 2. c4 c6 3. Nf3 Nf6 4. e3 e6 5. Bd3 Nbd7 6. 0-0 Bd6 7. Nbd2 0-0 8. b3 Re8 9. Bb2 Qc7 10. Qc2 h6 11. c5 Bf8 12. b4 b6 13. Rfc1 bxc5 14. bxc5 e5 15. Nxe5 Nxe5 16. dxe5 Nd7 17. f4 Nxc5 18. Be2 Bd7 19. Bf3 Qa5 20. Bd4 Ne6 21. Nb3 Nxd4 22. Nxa5 Nxc2 23. Rxc2 Rac8 24. g4 f6 25. exf6 Rxe3 26. Kf2 Ra3 27. Nb3 gxf6 28. Rac1 Re8 29. f5 Ra4 30. Ra1 Kg7 31. h3 Re5 32. Rb1 Bd6 33. Nc1 Kf7 34. Rb7 Re7 35. Bd1 Ra5 36. Nb3 Ra4 37. Bf3 Bf4 38. Kg2 Be3 39. Be2 Bb6 40. Bf3 d4 41. Nc1 Be8 42. Rxe7+ Kxe7 43. Bxc6 Bxc6+ 44. Rxc6 Ra5 45. Re6+ Kf7 46. Rd6 Rc5 47. Nb3 Rc2+ 48. Kf3 Rxa2 49. Ke4 Re2+ 50. Kd5 d3 51. Kc4 Re3 52. Nd2 Ke7 53. Rd5 Rxh3 54. Ne4 Re3 55. Nd6 Re5 56. Nc8+ Kf8 57. Nxb6 axb6 58. Rd6 Re4+ 59. Kxd3 Rxg4 60. Rxf6+ 1/2-1/2

[Event "Bamberg op 2nd"]
[Site "Bamberg"]
[Date "2019.06.01"]
[Round "5"]
[White "Chennaoui, Yasin"]
[Black "Johansson, Jukka"]
[Result "1/2-1/2"]
[WhiteElo "2184"]
[BlackElo "2071"]
[PlyCount "55"]
[EventDate "2019.05.29"]
[EventType "swiss"]
[EventRounds "7"]
[EventCountry "GER"]
[SourceTitle "CBM 190 Extra"]
[Source "ChessBase"]
[SourceDate "2019.07.15"]
[SourceVersion "1"]
[SourceVersionDate "2019.07.15"]
[SourceQuality "1"]

1. c4 c5 2. g3 g6 3. Bg2 Bg7 4. Nc3 Nc6 5. a3 e6 6. b4 d6 7. Rb1 Nge7 8. Nf3 0-0 9. 0-0 Rb8 10. Ne1 b6 11. Nc2 Bb7 12. Bb2 Qd7 13. d3 Nf5 14. e4 Nfd4 15. Ne2 Rbc8 16. b5 Nxe2+ 17. Qxe2 Nd4 18. Bxd4 Bxd4 19. Nxd4 cxd4 20. Qb2 e5 21. f4 f5 22. Rbe1 Rce8 23. Qd2 Kg7 24. a4 Rf7 25. Rf2 fxe4 26. Bxe4 Bxe4 27. Rxe4 Ref8 28. Qe2 1/2-1/2

[Event "FIN-chT1B 1819"]
[Site "Finland"]
[Date "2019.01.12"]
[Round "5.4"]
[White "Soppela, Jouni"]
[Black "Johansson, Jukka"]
[Result "0-1"]
[WhiteElo "2121"]
[BlackElo "2117"]
[PlyCount "32"]
[EventDate "2018.09.15"]
[EventType "team-tourn"]
[EventRounds "7"]
[EventCountry "FIN"]
[SourceTitle "EXT 2020"]
[Source "ChessBase"]
[SourceDate "2019.10.17"]
[SourceVersion "1"]
[SourceVersionDate "2019.10.17"]
[SourceQuality "1"]
[WhiteTeam "Jyvaskyla JyS II"]
[BlackTeam "Vantaa Gambitti"]
[WhiteTeamCountry "FIN"]
[BlackTeamCountry "FIN"]

1. e4 c5 2. Nc3 Nc6 3. f4 g6 4. Nf3 Bg7 5. Bc4 e6 6. 0-0 Nge7 7. e5 d5 8. exd6 Nf5 9. Ne4 Nxd6 10. Qe2 0-0 11. c3 Nxc4 12. Qxc4 b6 13. b4 Nxb4 14. cxb4 Bxa1 15. bxc5 Bb7 16. d4 Bxe4 0-1

[Event "Tampere TammerSh fall-A"]
[Site "Tampere"]
[Date "2018.10.14"]
[Round "3"]
[White "Johansson, Jukka"]
[Black "Jarvenpaa, Jari"]
[Result "0-1"]
[WhiteElo "2110"]
[BlackElo "2297"]
[PlyCount "66"]
[EventDate "2018.10.13"]
[EventType "swiss"]
[EventRounds "4"]
[EventCountry "FIN"]
[SourceTitle "EXT 2021"]
[Source "ChessBase"]
[SourceDate "2020.10.23"]
[SourceVersion "1"]
[SourceVersionDate "2020.10.23"]
[SourceQuality "1"]

1. d4 Nf6 2. c4 e6 3. Nc3 Bb4 4. e3 b6 5. Nf3 Bb7 6. Bd3 Ne4 7. Qc2 Bxc3+ 8. bxc3 f5 9. 0-0 0-0 10. Nd2 Qh4 11. f3 Nxd2 12. Bxd2 d6 13. c5 dxc5 14. Qb3 Qe7 15. Bc4 Re8 16. e4 fxe4 17. fxe4 Nc6 18. Rf4 cxd4 19. Raf1 Na5 20. Qa4 dxc3 21. Be3 Bc6 22. Bb5 Bxb5 23. Qxb5 Rf8 24. h3 c5 25. Qd3 Rxf4 26. Rxf4 Rf8 27. Qxc3 Rxf4 28. Bxf4 Nc6 29. Qg3 e5 30. Bg5 Qe6 31. Qd3 c4 32. Qa3 h6 33. Be3 Qg6 0-1

[Event "Helsinki MatSK Weekend"]
[Site "Helsinki"]
[Date "2018.02.23"]
[Round "1"]
[White "Johansson, Jukka"]
[Black "Patosalmi, Juha"]
[Result "1-0"]
[WhiteElo "2137"]
[BlackElo "1958"]
[PlyCount "51"]
[EventDate "2018.02.23"]
[EventType "swiss"]
[EventRounds "7"]
[EventCountry "FIN"]
[SourceTitle "EXT 2019"]
[Source "ChessBase"]
[SourceDate "2018.10.10"]
[SourceVersion "1"]
[SourceVersionDate "2018.10.10"]
[SourceQuality "1"]

1. d4 d5 2. c4 e6 3. Nc3 Nf6 4. cxd5 exd5 5. Bg5 Be7 6. e3 0-0 7. Bd3 Re8 8. Nge2 Nbd7 9. Qc2 Nf8 10. 0-0 Ng6 11. Rad1 Bg4 12. f3 Be6 13. e4 dxe4 14. fxe4 Ng4 15. Bxe7 Rxe7 16. Qd2 c6 17. Kh1 Qc7 18. e5 Rd8 19. Ne4 Bxa2 20. Nd6 Rxd6 21. exd6 Qxd6 22. Ng3 Ne3 23. Nf5 Nxf5 24. Bxf5 Nh4 25. Qf4 Qf6 26. Qb8+ 1-0

[Event "Helsinki MatSK Weekend"]
[Site "Helsinki"]
[Date "2018.02.23"]
[Round "2"]
[White "Keinanen, Toivo"]
[Black "Johansson, Jukka"]
[Result "1-0"]
[WhiteElo "2375"]
[BlackElo "2137"]
[PlyCount "89"]
[EventDate "2018.02.23"]
[EventType "swiss"]
[EventRounds "7"]
[EventCountry "FIN"]
[SourceTitle "EXT 2019"]
[Source "ChessBase"]
[SourceDate "2018.10.10"]
[SourceVersion "1"]
[SourceVersionDate "2018.10.10"]
[SourceQuality "1"]

1. c4 Nf6 2. g3 e6 3. Nf3 d5 4. d4 Bb4+ 5. Bd2 Bxd2+ 6. Nbxd2 0-0 7. Bg2 b6 8. 0-0 Bb7 9. Ne5 Nbd7 10. Ndf3 c5 11. dxc5 Nxc5 12. Qc2 Rc8 13. Rfd1 Qe7 14. Rac1 dxc4 15. Nxc4 Bd5 16. Qb1 Rfd8 17. Qa1 Qb7 18. b3 h6 19. Rd4 Nce4 20. Ne3 Rxc1+ 21. Qxc1 Rc8 22. Qb2 Qc7 23. Rd1 Bb7 24. Nd4 a6 25. a4 Qc3 26. Qxc3 Rxc3 27. Nc4 Nd7 28. Bf3 Kf8 29. Nxe6+ fxe6 30. Rxd7 Nc5 31. Rxb7 Nxb7 32. Bxb7 b5 33. Nd2 Rc2 34. Nf3 bxa4 35. bxa4 a5 36. Ba6 Rb2 37. Bb5 Ke7 38. Nd4 Kd6 39. f4 Kd5 40. e3 Ke4 41. Nxe6 Kxe3 42. f5 Ke4 43. Nxg7 Ke5 44. Ne8 Kxf5 45. Nd6+ 1-0

[Event "Salo We Tomi Tocklin 50v"]
[Site "Salo"]
[Date "2018.02.18"]
[Round "7"]
[White "Ristoja, Jan"]
[Black "Johansson, Jukka"]
[Result "1-0"]
[WhiteElo "2267"]
[BlackElo "2125"]
[PlyCount "59"]
[EventDate "2018.02.??"]
[EventType "swiss"]
[EventRounds "7"]
[EventCountry "FIN"]
[SourceTitle "EXT 2022"]
[Source "ChessBase"]
[SourceDate "2021.10.06"]
[SourceVersion "1"]
[SourceVersionDate "2021.10.06"]
[SourceQuality "1"]

1. e4 c5 2. Nc3 Nc6 3. f4 g6 4. Nf3 Bg7 5. Bc4 e6 6. f5 Nge7 7. fxe6 fxe6 8. d3 d5 9. Bb3 b5 10. 0-0 c4 11. dxc4 dxc4 12. Qxd8+ Nxd8 13. Nxb5 cxb3 14. Nc7+ Kd7 15. Nxa8 bxc2 16. Rf2 Bb7 17. Rd2+ Kc8 18. Rxc2+ Ndc6 19. Bg5 Re8 20. Rac1 Kb8 21. Bxe7 Rxe7 22. Rxc6 Bxb2 23. Rc7 Rxc7 24. Rxc7 Bxa8 25. Rxh7 Bxe4 26. Rh4 Bb7 27. Rg4 a5 28. Rxg6 a4 29. Rxe6 a3 30. Re8+ 1-0

[Event "Salo We Tomi Tocklin 50v"]
[Site "Salo"]
[Date "2018.02.17"]
[Round "4"]
[White "Puuska, Heini"]
[Black "Johansson, Jukka"]
[Result "1/2-1/2"]
[WhiteElo "1961"]
[BlackElo "2125"]
[PlyCount "65"]
[EventDate "2018.02.??"]
[EventType "swiss"]
[EventRounds "7"]
[EventCountry "FIN"]
[SourceTitle "EXT 2022"]
[Source "ChessBase"]
[SourceDate "2021.10.06"]
[SourceVersion "1"]
[SourceVersionDate "2021.10.06"]
[SourceQuality "1"]

1. d4 Nf6 2. Bf4 g6 3. e3 Bg7 4. Be2 d6 5. h3 0-0 6. Nf3 Nbd7 7. 0-0 b6 8. c4 Bb7 9. Nc3 Ne4 10. Nxe4 Bxe4 11. Nd2 Bb7 12. Qc2 e5 13. dxe5 Nxe5 14. Rad1 a5 15. Ne4 Qh4 16. Nc3 f5 17. Nd5 Rf7 18. Bg3 Qg5 19. Bf4 Qh4 20. Bg3 Qg5 21. Bf4 Qd8 22. a3 a4 23. Rd2 Qd7 24. Rfd1 Kh8 25. Bg3 Raf8 26. f4 Nc6 27. Qxa4 Qe6 28. Bf2 Nb8 29. Bf3 Qc8 30. Qc2 Nd7 31. b4 Nf6 32. Bh4 Qa8 33. a4 1/2-1/2

[Event "Heart of Finland op 27th"]
[Site "Jyvaskyla"]
[Date "2017.07.20"]
[Round "5"]
[White "Taipale, Reijo"]
[Black "Johansson, Jukka"]
[Result "0-1"]
[WhiteElo "1839"]
[BlackElo "2113"]
[PlyCount "64"]
[EventDate "2017.07.17"]
[EventType "swiss"]
[EventRounds "9"]
[EventCountry "FIN"]
[SourceTitle "CBM 179 Extra"]
[Source "ChessBase"]
[SourceDate "2017.08.23"]
[SourceVersion "1"]
[SourceVersionDate "2017.08.23"]
[SourceQuality "1"]

1. c4 f5 2. Nc3 Nf6 3. d3 g6 4. g3 Bg7 5. Bg2 d6 6. e3 e5 7. Nge2 Nc6 8. a3 a5 9. Qc2 0-0 10. Bd2 Bd7 11. 0-0 Rb8 12. Nb5 Kh8 13. Rab1 h6 14. h3 g5 15. f4 Rg8 16. Kf2 Be6 17. Rh1 Qe7 18. Nbc3 Qf7 19. b3 Rbd8 20. b4 axb4 21. axb4 gxf4 22. exf4 Nh5 23. Bxc6 bxc6 24. Rbg1 Nf6 25. Nd1 e4 26. d4 Bxc4 27. Ne3 Bxe2 28. Kxe2 Nd5 29. Qc4 Qh5+ 30. Ke1 Ra8 31. g4 Qh4+ 32. Ke2 Nxf4+ 0-1

[Event "Heart of Finland op 27th"]
[Site "Jyvaskyla"]
[Date "2017.07.17"]
[Round "1"]
[White "Rantanen, Yrjo A"]
[Black "Johansson, Jukka"]
[Result "1-0"]
[WhiteElo "2292"]
[BlackElo "2113"]
[PlyCount "91"]
[EventDate "2017.07.17"]
[EventType "swiss"]
[EventRounds "9"]
[EventCountry "FIN"]
[SourceTitle "CBM 179 Extra"]
[Source "ChessBase"]
[SourceDate "2017.08.23"]
[SourceVersion "1"]
[SourceVersionDate "2017.08.23"]
[SourceQuality "1"]

1. e4 c6 2. d4 d5 3. exd5 cxd5 4. c4 Nf6 5. Nc3 Nc6 6. Nf3 Bg4 7. cxd5 Nxd5 8. Qb3 Bxf3 9. gxf3 e6 10. Qxb7 Nxd4 11. Bb5+ Nxb5 12. Qc6+ Ke7 13. Qxb5 Qd7 14. Nxd5+ Qxd5 15. Qxd5 exd5 16. Bf4 Ke6 17. 0-0-0 Bb4 18. a3 Rhc8+ 19. Kb1 Ba5 20. b4 Bb6 21. Rhe1+ Kf5 22. Bd6 d4 23. Re5+ Kf6 24. Rde1 g6 25. R5e4 Kg7 26. Be5+ Kg8 27. Bxd4 Bxd4 28. Rxd4 a5 29. Kb2 axb4 30. axb4 Rc7 31. Re3 Rca7 32. Kb3 Ra1 33. Rd2 Rh1 34. Red3 Kg7 35. Rd8 Raa1 36. b5 Rxh2 37. Rb2 Rh4 38. b6 Raa4 39. Rd3 Ra8 40. b7 Rb8 41. Kc2 Ra4 42. Rc3 Ra7 43. Rc7 h5 44. Rb4 h4 45. Rf4 g5 46. Rcxf7+ 1-0

[Event "Reykjavik op"]
[Site "Reykjavik"]
[Date "2017.04.27"]
[Round "10"]
[White "Tokranovs, Dmitrijs"]
[Black "Johansson, Jukka"]
[Result "1-0"]
[WhiteElo "2227"]
[BlackElo "2122"]
[PlyCount "145"]
[EventDate "2017.04.19"]
[EventType "swiss"]
[EventRounds "10"]
[EventCountry "ISL"]
[SourceTitle "CBM 178 Extra"]
[Source "ChessBase"]
[SourceDate "2017.06.22"]
[SourceVersion "1"]
[SourceVersionDate "2017.06.22"]
[SourceQuality "1"]

1. e4 c5 2. c3 d6 3. d4 Nf6 4. dxc5 Nc6 5. Qc2 dxc5 6. Be3 e6 7. f3 Be7 8. Nd2 Qc7 9. Ne2 a6 10. a4 0-0 11. g4 e5 12. Ng3 g6 13. h4 Be6 14. h5 b5 15. axb5 axb5 16. Rxa8 Rxa8 17. Bxb5 Ra1+ 18. Kf2 Rxh1 19. Nxh1 gxh5 20. g5 Nd7 21. Ng3 Ndb8 22. Nxh5 Qd8 23. Nf6+ Bxf6 24. gxf6 Qxf6 25. Bxc5 Qh4+ 26. Ke2 Qh2+ 27. Bf2 Ne7 28. Nf1 Qh3 29. Qd1 Nd7 30. c4 h5 31. Ne3 Ng6 32. b4 Nf4+ 33. Kd2 Nf6 34. c5 h4 35. Ba4 Kh7 36. b5 Bc8 37. c6 Qe6 38. Bxh4 Qd6+ 39. Kc3 Qc5+ 40. Nc4 Be6 41. Bb3 Ne8 42. b6 Qxc6 43. Bf2 Qb5 44. Be3 Kg6 45. Qd2 Nf6 46. Qa2 N4d5+ 47. exd5 Nxd5+ 48. Kb2 Nxe3 49. Nxe3 Qe2+ 50. Nc2 Qb5 51. Kc3 Qxb6 52. Bxe6 fxe6 53. Qc4 Kf6 54. Qh4+ Kf5 55. Qh5+ Kf6 56. Qh4+ Kf5 57. Qe4+ Kf6 58. Ne3 Qc5+ 59. Kd3 Qb5+ 60. Kd2 Qb2+ 61. Ke1 Qc1+ 62. Ke2 Qb2+ 63. Kf1 Qc1+ 64. Kg2 Qd2+ 65. Kh3 Qc1 66. Ng4+ Ke7 67. Qb7+ Kd6 68. Qb4+ Kd7 69. Nxe5+ Ke8 70. Qb8+ Ke7 71. Ng6+ Kd7 72. Qb7+ Kd6 73. Qe7+ 1-0

[Event "Reykjavik op"]
[Site "Reykjavik"]
[Date "2017.04.24"]
[Round "7"]
[White "Aradhya, Garg"]
[Black "Johansson, Jukka"]
[Result "1-0"]
[WhiteElo "2315"]
[BlackElo "2122"]
[PlyCount "66"]
[EventDate "2017.04.19"]
[EventType "swiss"]
[EventRounds "10"]
[EventCountry "ISL"]
[SourceTitle "CBM 178 Extra"]
[Source "ChessBase"]
[SourceDate "2017.06.22"]
[SourceVersion "1"]
[SourceVersionDate "2017.06.22"]
[SourceQuality "1"]

1. d4 d5 2. c4 dxc4 3. e4 Nc6 4. Nf3 Nf6 5. d5 Nxe4 6. Be3 Nb8 7. Bxc4 Nd6 8. Bb3 c6 9. 0-0 cxd5 10. Qxd5 e6 11. Qh5 Nc6 12. Nc3 Qa5 13. Qg4 Qf5 14. Qxf5 Nxf5 15. Nb5 Nxe3 16. fxe3 Rb8 17. Ng5 Ne5 18. Ba4 Bc5 19. Nxf7 Nxf7 20. Nd6+ Ke7 21. Nxf7 Rf8 22. Ne5 Rf5 23. Nf3 g5 24. Bc2 Rf6 25. Nd4 Bd7 26. Bb3 Rbf8 27. Rxf6 Rxf6 28. Rf1 a6 29. Rxf6 Kxf6 30. Kf2 e5 31. Ne2 Be8 32. Nc3 Bc6 33. Bc2 Bb5 1-0

[Event "Reykjavik op"]
[Site "Reykjavik"]
[Date "2017.04.19"]
[Round "1"]
[White "Haile, Batel Goitom"]
[Black "Johansson, Jukka"]
[Result "0-1"]
[WhiteElo "1197"]
[BlackElo "2122"]
[PlyCount "50"]
[EventDate "2017.04.19"]
[EventType "swiss"]
[EventRounds "10"]
[EventCountry "ISL"]
[SourceTitle "CBM 178 Extra"]
[Source "ChessBase"]
[SourceDate "2017.06.22"]
[SourceVersion "1"]
[SourceVersionDate "2017.06.22"]
[SourceQuality "1"]

1. e4 c5 2. Nf3 d6 3. d4 cxd4 4. Nxd4 Nf6 5. Nc3 a6 6. Be3 e5 7. Nf3 h6 8. Bc4 Be7 9. Qd2 Be6 10. Nd5 Nbd7 11. Qd3 0-0 12. 0-0 Kh8 13. h3 Rc8 14. Bb3 Bxd5 15. Bxd5 Nxd5 16. exd5 f5 17. Qb3 f4 18. Ba7 Nc5 19. Qb4 Qd7 20. Rfe1 Rf6 21. Qa3 e4 22. Nh2 f3 23. gxf3 Qxh3 24. fxe4 Rg6+ 25. Kh1 Qg2# 0-1